000 00978nam a2200301 i 4500
001 11325
003 KOSZ 005
005 20220321083336.0
008 080326s1964 pl a f 000 0 pol
015 _aPB 1965/577
040 _aWA N
_cKOSZ 005/RW
_dKOSZ 005/RW
_dKOSZ 005/HR
046 _k1964
080 _a624.01/.07
080 _a692.2
100 1 _aOssowiecki, Michał.
_eAutor
245 1 0 _aŚciany osłonowe /
_cMichał Ossowiecki.
260 _aWarszawa :
_b"Arkady",
_c1964.
300 _a192 s. :
_bil. ;
_c27 cm.
380 _aKsiążki.
388 _a1901-2000
504 _aBibliogr. s. 191-192.
521 8 _aDla inżynierów projektantów i wykonawców oraz dla techników budowlanych.
658 _aArchitektura i budownictwo
650 4 _aŚciany osłonowe
710 2 _aWydawnictwo "Arkady".
_4pbl.
856 _uhttp://koha.tu.koszalin.pl/cgi-bin/koha/opac-detail.pl?biblionumber=11325
_yKatalog online BPK
942 _2UKD
_cKS
999 _c11325
_d11325